000 00567nam a2200193 a 4500
001 3989
005 20140414131910.0
008 040721s19uu xx 00 eng d
020 _a1-57064-446-2
050 _aER
_bB26 1999
100 _aBernthal, Mark S.
245 _aBarney and BJ go to the zoo /
_cwritten by Mark S. Bernthal ; photography by Dennis Full.
260 _aForth Worth, Texas :
_bLyon's Partnership,
_c1999.
300 _a1 v. : ill. ; cm.
440 _aG To Series
650 _aZoo
_xFiction.
650 _aChildren stories.
999 _c111193
_d111193